00461cam a22001217a 4500008004000000082002100040100005200061245011800113260005000231300000900281500002400290700002500314180718b1967 xxu||||| |||| 00| 0 eng d aB706x42 Un3/We/3 aRoyal Commission on Local Government in England aRoyal Commission on Local Government in England: Written evidence of the Ministry of Housing and Local Government aLondonbHer Majesty's Stationery Officec1967 a88p. aChairman: John Maud aMaud, John, Chairman